Normal view
MARC view
- Chaudhry, Amna Islam
Entry Personal Name
001 - CONTROL NUMBER
- control field: 130693
003 - CONTROL NUMBER IDENTIFIER
- control field: NUST
005 - DATE AND TIME OF LATEST TRANSACTION
- control field: 20250925111750.0
008 - FIXED-LENGTH DATA ELEMENTS
- fixed length control field: 250925|| aca||aabn | a|a d
040 ## - CATALOGING SOURCE
- Original cataloging agency: NUST
- Transcribing agency: NUST
100 ## - HEADING--PERSONAL NAME
- Personal name: Chaudhry, Amna Islam
670 ## - SOURCE DATA FOUND
- Source citation: Work cat.: (NUST): Chaudhry, Amna Islam, Cyber-Politics and Democratic Decline: Re-Assessing Global Governance Trends and Democratic Perception in the Age of Digital Hysteria/
